[Event "Heraklion op 27th"]
[Site "Heraklion"]
[Date "2019.09.05"]
[Round "4"]
[White "Matthaiaki, Nefeli"]
[Black "Putrenko, Kirill"]
[Result "0-1"]
[WhiteElo "1306"]
[BlackElo "1974"]
[PlyCount "66"]
[EventDate "2019.09.03"]
[EventType "swiss"]
[EventRounds "9"]
[EventCountry "GRE"]
[SourceTitle "EXT 2020"]
[Source "ChessBase"]
[SourceDate "2019.10.17"]
[SourceVersion "1"]
[SourceVersionDate "2019.10.17"]
[SourceQuality "1"]

1. e4 c5 2. Nf3 d6 3. d4 cxd4 4. Nxd4 Nf6 5. Nc3 a6 6. Be3 e6 7. f3 b5 8. g3 Bb7 9. Qd2 Nbd7 10. Bg2 b4 11. Nd1 d5 12. exd5 Nxd5 13. 0-0 N7b6 14. b3 Bc5 15. Bf2 0-0 16. f4 Qd7 17. Nf3 Qc7 18. Kh1 Rfd8 19. Qe1 Rac8 20. c4 bxc3 21. Nxc3 Bxf2 22. Nxd5 Bxe1 23. Nxc7 Bb4 24. Rac1 Bd6 25. Nxa6 Bxa6 26. Rfd1 Rxc1 27. Rxc1 Rc8 28. Rd1 Nd5 29. a4 Bb4 30. h4 Rc2 31. Nd4 Rxg2 32. Nc6 Rd2 33. Rxd2 Bxd2 0-1

[Event "GRE-ch U16 Girls"]
[Site "Patras"]
[Date "2019.07.01"]
[Round "7.6"]
[White "Matthaiaki, Nefeli"]
[Black "Tsampouli, Vasiliki"]
[Result "1-0"]
[WhiteElo "1342"]
[BlackElo "1344"]
[PlyCount "85"]
[EventDate "2019.06.25"]
[EventType "swiss"]
[EventRounds "7"]
[EventCountry "GRE"]
[SourceTitle "EXT 2020"]
[Source "ChessBase"]
[SourceDate "2019.10.17"]
[SourceVersion "1"]
[SourceVersionDate "2019.10.17"]
[SourceQuality "1"]
[WhiteTeam "Greece"]
[BlackTeam "Greece"]
[WhiteTeamCountry "GRE"]
[BlackTeamCountry "GRE"]

1. e4 e5 2. Nc3 Nc6 3. Bc4 Bc5 4. Qg4 Qf6 5. Nd5 Qxf2+ 6. Kd1 g6 7. Nxc7+ Kd8 8. Nxa8 d6 9. Qf3 Qxf3+ 10. Nxf3 f6 11. a3 a6 12. b4 Ba7 13. b5 axb5 14. Bxb5 Bd7 15. Rb1 Nge7 16. Bxc6 Bxc6 17. Nb6 Bxe4 18. d3 Bc6 19. Nc4 Kc7 20. Bd2 d5 21. Ba5+ Kd7 22. Nb6+ Kd6 23. Bb4+ Ke6 24. Bxe7 Kxe7 25. c4 d4 26. Re1 Kd6 27. Kd2 Rb8 28. a4 Kc5 29. a5 Re8 30. Nd5 Bxd5 31. cxd5 Rb8 32. Rec1+ Kd6 33. a6 bxa6 34. Rxb8 Bxb8 35. Rc6+ Kxd5 36. Rxa6 f5 37. Ra8 Bd6 38. Rd8 Ke6 39. Rh8 h5 40. Rh6 Kf6 41. Nh4 Kg5 42. Rxg6+ Kxh4 43. Rxd6 1-0

[Event "GRE-ch U16 Girls"]
[Site "Patras"]
[Date "2019.06.27"]
[Round "3.8"]
[White "Gkolfinopoulou, Marina"]
[Black "Matthaiaki, Nefeli"]
[Result "1-0"]
[WhiteElo "1318"]
[BlackElo "1342"]
[PlyCount "75"]
[EventDate "2019.06.25"]
[EventType "swiss"]
[EventRounds "7"]
[EventCountry "GRE"]
[SourceTitle "EXT 2020"]
[Source "ChessBase"]
[SourceDate "2019.10.17"]
[SourceVersion "1"]
[SourceVersionDate "2019.10.17"]
[SourceQuality "1"]
[WhiteTeam "Greece"]
[BlackTeam "Greece"]
[WhiteTeamCountry "GRE"]
[BlackTeamCountry "GRE"]

1. e4 d5 2. exd5 Qxd5 3. Nc3 Qa5 4. d4 Nf6 5. Nf3 Bg4 6. Be2 e6 7. 0-0 Be7 8. Be3 0-0 9. h3 Bh5 10. a3 c6 11. Ne5 Bxe2 12. Nxe2 Nbd7 13. Nf3 Qd8 14. Bg5 Nd5 15. Bxe7 Qxe7 16. Ng3 Rad8 17. c3 h6 18. Qc2 N7f6 19. Rfe1 Nh7 20. Qd2 Qf6 21. Ne4 Qf4 22. Qc2 b6 23. Ne5 Ne7 24. Ng3 Nf6 25. Qa4 b5 26. Qxa7 Nf5 27. Nxf5 Qxf5 28. Nxc6 Ra8 29. Ne7+ Kh7 30. Qxa8 Rxa8 31. Nxf5 exf5 32. Re5 Re8 33. Rae1 Rb8 34. Rxf5 Rb7 35. Ree5 Nd7 36. Rxb5 Rxb5 37. Rxb5 Nf6 38. a4 1-0

[Event "GRE-ch U18 Girls"]
[Site "Rethymno"]
[Date "2019.01.08"]
[Round "7"]
[White "Foinikianaki, Stella"]
[Black "Matthaiaki, Nefeli"]
[Result "1-0"]
[WhiteElo "1474"]
[BlackElo "1260"]
[PlyCount "133"]
[EventDate "2019.01.02"]
[EventType "swiss"]
[EventRounds "7"]
[EventCountry "GRE"]
[SourceTitle "CBM 188 Extra"]
[Source "ChessBase"]
[SourceDate "2019.02.26"]
[SourceVersion "1"]
[SourceVersionDate "2019.02.26"]
[SourceQuality "1"]

1. e4 e5 2. Nf3 Nc6 3. Bc4 Bc5 4. 0-0 Nf6 5. d3 d6 6. h3 Be6 7. Bxe6 fxe6 8. a4 Bb6 9. c3 h6 10. b4 a6 11. a5 Ba7 12. Na3 Qd7 13. Nc4 0-0-0 14. Qb3 Nb8 15. Be3 Bxe3 16. Nxe3 Rdf8 17. c4 g5 18. Rab1 Rhg8 19. Nh2 h5 20. b5 c6 21. bxa6 Nxa6 22. Qb6 Qc7 23. Qa7 Rg7 24. Rb6 Rff7 25. Rfb1 Nc5 26. Qa8+ Qb8 27. Rxc6+ Rc7 28. Qxb8+ Kxb8 29. Rxd6 Rgd7 30. Rxd7 Rxd7 31. Nf3 Rxd3 32. Nxe5 Ra3 33. Nc2 Ra4 34. f3 Ka7 35. Nd4 g4 36. Rb5 g3 37. Kf1 Ncxe4 38. fxe4 Nxe4 39. Ndc6+ Ka8 40. Nd7 Ra1+ 41. Ke2 bxc6 42. Rxh5 Rc1 43. Kf3 Nd2+ 44. Kxg3 Nxc4 45. Rc5 Rc3+ 46. Kh4 Rc2 47. Nb6+ Ka7 48. Rxc4 Rxg2 49. Rxc6 Ka6 50. Rxe6 Kxa5 51. Nc4+ Kb4 52. Ne3 Rg8 53. Ng4 Kc5 54. Kg3 Kd5 55. Re7 Kd6 56. Re1 Rg7 57. h4 Rh7 58. Re5 Rg7 59. h5 Rh7 60. Kf4 Rf7+ 61. Rf5 Rh7 62. h6 Ke6 63. Kg5 Rh8 64. Rf6+ Ke7 65. Rg6 Kf7 66. Rg7+ Ke6 67. h7 1-0

[Event "GRE-ch U18 Girls"]
[Site "Rethymno"]
[Date "2019.01.06"]
[Round "5"]
[White "Koukouraki, Hrisi"]
[Black "Matthaiaki, Nefeli"]
[Result "0-1"]
[WhiteElo "1269"]
[BlackElo "1260"]
[PlyCount "100"]
[EventDate "2019.01.02"]
[EventType "swiss"]
[EventRounds "7"]
[EventCountry "GRE"]
[SourceTitle "CBM 188 Extra"]
[Source "ChessBase"]
[SourceDate "2019.02.26"]
[SourceVersion "1"]
[SourceVersionDate "2019.02.26"]
[SourceQuality "1"]

1. e4 e5 2. Nf3 Nc6 3. Bc4 d6 4. c3 h6 5. d3 Nf6 6. Nbd2 d5 7. Bb3 dxe4 8. dxe4 Bc5 9. 0-0 Be6 10. Bxe6 fxe6 11. Qb3 Qc8 12. Nc4 Bb6 13. Ncxe5 Nxe5 14. Nxe5 0-0 15. Qc2 Qe8 16. Nc4 Qg6 17. Nxb6 axb6 18. f3 Rf7 19. Rf2 Raf8 20. Be3 Nh5 21. Kh1 Nf4 22. Rd1 e5 23. Bxf4 Rxf4 24. Rd7 Rh4 25. Qe2 Qg3 26. h3 Rxh3+ 27. gxh3 Qxh3+ 28. Rh2 Qxd7 29. Kg2 Qf7 30. a3 Rd8 31. Rh1 Qg6+ 32. Kf2 Qd6 33. Rc1 Qd2 34. Rc2 Qxe2+ 35. Kxe2 g5 36. Rc1 Kg7 37. Rg1 Kg6 38. Rg2 Rf8 39. Kf2 h5 40. Ke3 Rf4 41. Rg1 g4 42. fxg4 hxg4 43. Rd1 Kg5 44. Rh1 g3 45. Rg1 Kg4 46. Rh1 g2 47. Rh8 Kg3 48. Rg8+ Rg4 49. Rxg4+ Kxg4 50. Kf2 Kf4 0-1

[Event "GRE-chT U16 9th"]
[Site "Thessaloniki"]
[Date "2016.12.18"]
[Round "6.6"]
[White "Pechlivanidou, Kalipso"]
[Black "Matthaiaki, Nefeli"]
[Result "0-1"]
[WhiteElo "1033"]
[BlackElo "1134"]
[PlyCount "56"]
[EventDate "2016.12.15"]
[EventType "team-swiss"]
[EventRounds "6"]
[EventCountry "GRE"]
[SourceTitle "CBM 176 Extra"]
[Source "ChessBase"]
[SourceDate "2017.03.02"]
[SourceVersion "1"]
[SourceVersionDate "2017.03.02"]
[SourceQuality "1"]
[WhiteTeam "Triandrias"]
[BlackTeam "OFI"]
[WhiteTeamCountry "GRE"]
[BlackTeamCountry "GRE"]

1. d4 d5 2. c4 e6 3. Nc3 Nf6 4. Bg5 Be7 5. Nf3 0-0 6. e3 h6 7. Bh4 Nc6 8. Bd3 Nh7 9. Bxe7 Nxe7 10. 0-0 Ng6 11. Rc1 c6 12. Qc2 Ng5 13. Qe2 Re8 14. Nxg5 Qxg5 15. cxd5 exd5 16. Qf3 Nh4 17. Qg3 Qd8 18. Rfe1 Nf5 19. Qf3 Nh4 20. Qg3 Qf6 21. Rcd1 Ng6 22. Bc2 Re6 23. e4 dxe4 24. Bxe4 Bd7 25. Qd3 Rae8 26. Ne2 Rxe4 27. h3 Nf4 28. Rd2 Nxd3 0-1

[Event "GRE-chT U16 9th"]
[Site "Thessaloniki"]
[Date "2016.12.16"]
[Round "2.6"]
[White "Karavitaki, Evaggelia"]
[Black "Matthaiaki, Nefeli"]
[Result "1-0"]
[WhiteElo "1583"]
[BlackElo "1134"]
[PlyCount "77"]
[EventDate "2016.12.15"]
[EventType "team-swiss"]
[EventRounds "6"]
[EventCountry "GRE"]
[SourceTitle "CBM 176 Extra"]
[Source "ChessBase"]
[SourceDate "2017.03.02"]
[SourceVersion "1"]
[SourceVersionDate "2017.03.02"]
[SourceQuality "1"]
[WhiteTeam "Chanion"]
[BlackTeam "OFI"]
[WhiteTeamCountry "GRE"]
[BlackTeamCountry "GRE"]

1. e4 e5 2. Nf3 Nc6 3. d4 d6 4. Bc4 exd4 5. Nxd4 Bd7 6. Nc3 Be7 7. Be3 Nf6 8. f3 0-0 9. Qd2 Re8 10. 0-0-0 a6 11. g4 b5 12. Be2 Nxd4 13. Bxd4 Be6 14. g5 Nd7 15. f4 c5 16. Be3 Nb6 17. f5 Bc4 18. b3 Bxe2 19. Nxe2 Bf8 20. Ng3 c4 21. Qg2 g6 22. fxg6 fxg6 23. h4 Be7 24. Ne2 cxb3 25. cxb3 Qc7+ 26. Kb1 Bf8 27. h5 Re6 28. Nf4 Ree8 29. hxg6 hxg6 30. Nxg6 Kg7 31. Nxf8 Rxf8 32. Bd4+ Kg6 33. Rh6+ Kf7 34. Rh7+ Ke6 35. Rxc7 Nd7 36. Qg4+ Kf7 37. Rxd7+ Kg8 38. Rg7+ Kh8 39. Qh5# 1-0

[Event "GRE-ch U12 Girls"]
[Site "Porto Rio"]
[Date "2016.07.01"]
[Round "5"]
[White "Koutsouraki, Ariadni"]
[Black "Matthaiaki, Nefeli"]
[Result "1-0"]
[WhiteElo "1113"]
[BlackElo "1118"]
[PlyCount "103"]
[EventDate "2016.06.28"]
[EventType "swiss"]
[EventRounds "9"]
[EventCountry "GRE"]
[SourceTitle "CBM 173 Extra"]
[Source "ChessBase"]
[SourceDate "2016.08.29"]
[SourceVersion "1"]
[SourceVersionDate "2016.08.29"]
[SourceQuality "1"]

1. e4 e5 2. Nf3 Nc6 3. Nc3 Nf6 4. Bb5 a6 5. Bxc6 bxc6 6. Nxe5 Qe7 7. f4 Nxe4 8. Nxe4 d6 9. d4 dxe5 10. dxe5 Qb4+ 11. Nc3 Bc5 12. a3 Qc4 13. Qe2 Qxe2+ 14. Nxe2 Bf5 15. c3 a5 16. Nd4 Be4 17. 0-0 0-0 18. Be3 Rad8 19. b4 Bb6 20. Rfe1 c5 21. Nb3 axb4 22. Nxc5 Bxc5 23. Bxc5 bxc3 24. Bxf8 c2 25. Rac1 f5 26. Bb4 Kf7 27. Kf2 Rd3 28. Re2 Rd1 29. Rcxc2 Bxc2 30. Rxc2 Rd7 31. Ba5 Rd4 32. Rxc7+ Kg6 33. Ke3 Ra4 34. Bb4 Ra6 35. Rd7 Ra8 36. Rd1 Kf7 37. Rd7+ Kg8 38. Rd2 Re8 39. Ba5 Kf7 40. Rd8 Re7 41. Bb4 Rc7 42. a4 Rc4 43. Rd4 Rc7 44. a5 Ra7 45. Rd6 Ra8 46. a6 Ra7 47. Bc5 Ra8 48. a7 h6 49. Kd4 Ke8 50. Kd5 Rc8 51. Rb6 Ra8 52. Rb8+ 1-0